<?xml version="1.0" encoding="UTF-8"?>
<record
    xmlns:xsi="http://www.w3.org/2001/XMLSchema-instance"
    xsi:schemaLocation="http://www.loc.gov/MARC21/slim http://www.loc.gov/standards/marcxml/schema/MARC21slim.xsd"
    xmlns="http://www.loc.gov/MARC21/slim">

  <leader>00733nam a2200133   4500</leader>
  <controlfield tag="008">708 V181c</controlfield>
  <datafield tag="082" ind1=" " ind2=" ">
    <subfield code="a">708</subfield>
    <subfield code="b">V181c</subfield>
  </datafield>
  <datafield tag="100" ind1=" " ind2=" ">
    <subfield code="a">Chavarr&#xED;a Zamora, Mar&#xED;a Jos&#xE9; </subfield>
    <subfield code="9">2379</subfield>
  </datafield>
  <datafield tag="245" ind1=" " ind2=" ">
    <subfield code="a">Charter city</subfield>
  </datafield>
  <datafield tag="260" ind1=" " ind2=" ">
    <subfield code="a">San Jos&#xE9;, Costa Rica </subfield>
    <subfield code="b">Museo de Arte y Dise&#xF1;o Contempor&#xE1;neo </subfield>
    <subfield code="c">2013</subfield>
  </datafield>
  <datafield tag="300" ind1=" " ind2=" ">
    <subfield code="a">46 p.</subfield>
    <subfield code="b">il (col)</subfield>
    <subfield code="c">24 x 21 cm </subfield>
  </datafield>
  <datafield tag="505" ind1=" " ind2=" ">
    <subfield code="t">Desde la idea Charter City </subfield>
    <subfield code="r">Mar&#xED;a Jos&#xE9; Chavarr&#xED;a </subfield>
    <subfield code="t">Texto del artista </subfield>
    <subfield code="t">Obras y referencia </subfield>
    <subfield code="t">Vallecillo vs Haussmann (en los tr&#xF3;picos) </subfield>
    <subfield code="r">Tamara D&#xED;az Bringas </subfield>
    <subfield code="t">La utop&#xED;a defensiva del capitalismo tard&#xED;o </subfield>
    <subfield code="r">Santiago Olmo </subfield>
    <subfield code="t">Traducciones </subfield>
    <subfield code="t">Curriculum vitae</subfield>
    <subfield code="t">Cr&#xE9;ditos </subfield>
  </datafield>
  <datafield tag="650" ind1=" " ind2=" ">
    <subfield code="x">arte contempor&#xE1;neo </subfield>
    <subfield code="x">arte - exhibiciones </subfield>
    <subfield code="x">arte - instalaciones </subfield>
    <subfield code="x">arte - Honduras </subfield>
    <subfield code="x">arte - instalaciones </subfield>
    <subfield code="9">6988</subfield>
  </datafield>
  <datafield tag="999" ind1=" " ind2=" ">
    <subfield code="c">1762</subfield>
    <subfield code="d">1762</subfield>
  </datafield>
  <datafield tag="952" ind1=" " ind2=" ">
    <subfield code="0">0</subfield>
    <subfield code="1">0</subfield>
    <subfield code="2">ddc</subfield>
    <subfield code="4">0</subfield>
    <subfield code="7">0</subfield>
    <subfield code="a">LV</subfield>
    <subfield code="b">LV</subfield>
    <subfield code="c">Colectivas</subfield>
    <subfield code="d">2019-03-28</subfield>
    <subfield code="l">0</subfield>
    <subfield code="o">708 V181c</subfield>
    <subfield code="p">001176</subfield>
    <subfield code="r">2019-03-28 00:00:00</subfield>
    <subfield code="w">2019-03-28</subfield>
    <subfield code="y">01</subfield>
  </datafield>
</record>
